Normal view
MARC view
- الحلالشة، عبد الرحمن أحمد جمعه
Entry Personal Name
001 - CONTROL NUMBER
- control field: 46915
003 - CONTROL NUMBER IDENTIFIER
- control field: JO-AjAnu
005 - DATE AND TIME OF LATEST TRANSACTION
- control field: 20230606081741.0
008 - FIXED-LENGTH DATA ELEMENTS
- fixed length control field: 230606|| aca||aabn | a|a d
040 ## - CATALOGING SOURCE
- Original cataloging agency: JO-AjAnu
- Transcribing agency: JO-AjAnu
100 ## - HEADING--PERSONAL NAME
- Personal name: الحلالشة، عبد الرحمن أحمد جمعه
670 ## - SOURCE DATA FOUND
- Source citation: Work cat.: (JO-AjAnu)24012: الحلالشة، عبد الرحمن أحمد جمعه, author, قانون المالكين والمستأجرين الأردني: دراسة تحليلية - المبادئ القانونية لمحكمة التمييز الأردنية 1953-2004